Soccer Logos By Letter - M - Statistics

General Stats
  • This quiz has been taken 1,310 times
    413 since last reset
  • The average score is 17 of 23
Answer Stats
Picture Answer % Correct
Manchester City
97%
Manchester United
97%
Milan
97%
Monaco
94%
Marseille
92%
Mainz
87%
Mallorca
86%
Malmö FF
84%
Morocco
81%
Málaga
79%
Mexico
78%
Middlesbrough
77%
Millwall
77%
Montpellier
76%
Metz
74%
CF Monterrey
71%
Molde
64%
CF Montreal
59%
Midtjylland
54%
Maccabi Haifa
51%
Minnesota United
47%
Motherwell
40%
Maribor
35%
No matching quizzes found
Score Distribution
Percent of People with Each Score
Percentile by Number Answered
Your Score History
You have not taken this quiz since the last reset